| 000 | 00618nam a22002055i 4500 | ||
|---|---|---|---|
| 001 | 166888 | ||
| 003 | ES-MaACL | ||
| 005 | 20231223063112.0 | ||
| 008 | 960320s1896 sp a |||| | spa | ||
| 080 | _a821.134.2-32"18" | ||
| 100 | 1 |
_aValera, Juan, _d1824-1905 _9112638 |
|
| 245 | 1 | 3 |
_aLa buena fama / _cJuan Valera ; ilustraciones de Klong. |
| 260 |
_aMadrid : _bFernando Fé, _c1896 ( _fTip. Avrial) |
||
| 300 |
_a235 p. : _bil. ; _c14 cm. |
||
| 490 | 1 | _aColección Klong | |
| 700 | 1 |
_aKlong. _968289 |
|
| 830 | 1 |
_aColección Klong _9188629 |
|
| 852 |
_aES-MaACL _jG-3799 _z- Enc. hol. |
||
| 999 |
_c166888 _d166888 |
||